[Event "EU-ch U14 Girls"]
[Site "Bratislava"]
[Date "2019.08.10"]
[Round "9"]
[White "Johansson Ohman, Linnea"]
[Black "Alekseenko, Mariya"]
[Result "0-1"]
[WhiteElo "1603"]
[BlackElo "1848"]
[PlyCount "84"]
[EventDate "2019.08.02"]
[EventType "swiss"]
[EventRounds "9"]
[EventCountry "SVK"]
[SourceTitle "EXT 2020"]
[Source "ChessBase"]
[SourceDate "2019.10.17"]
[SourceVersion "1"]
[SourceVersionDate "2019.10.17"]
[SourceQuality "1"]

1. c4 c5 2. g3 g6 3. Bg2 Bg7 4. Nc3 Nc6 5. Nf3 e5 6. d3 d6 7. 0-0 Nge7 8. Bd2 0-0 9. Rb1 b6 10. a3 Bb7 11. b4 Qd7 12. Ne1 f5 13. Nc2 f4 14. Ne4 h6 15. e3 g5 16. Qh5 Nd8 17. Bc3 d5 18. cxd5 Nxd5 19. Bb2 cxb4 20. axb4 Nf7 21. exf4 gxf4 22. Bh3 Qc6 23. Rfc1 Nf6 24. Nxf6+ Qxf6 25. Bg2 Bxg2 26. Kxg2 Ng5 27. gxf4 Qxf4 28. Rf1 Qf6 29. f3 Rad8 30. Rbd1 Rf7 31. Ne3 Rdf8 32. Ng4 Qc6 33. Bxe5 Rxf3 34. Kg1 Nh3+ 35. Qxh3 Rxh3 36. Bxg7 Rxf1+ 37. Rxf1 Kxg7 38. Rf7+ Kg8 39. Rxa7 Rxd3 40. Ra1 Rc3 41. Ra7 Qg6 42. Ra8+ Kf7 0-1

[Event "EU-ch U14 Girls"]
[Site "Bratislava"]
[Date "2019.08.09"]
[Round "8"]
[White "Johansson Ohman, Linnea"]
[Black "Qasem, Huda"]
[Result "1-0"]
[WhiteElo "1603"]
[BlackElo "1778"]
[PlyCount "75"]
[EventDate "2019.08.02"]
[EventType "swiss"]
[EventRounds "9"]
[EventCountry "SVK"]
[SourceTitle "EXT 2020"]
[Source "ChessBase"]
[SourceDate "2019.10.17"]
[SourceVersion "1"]
[SourceVersionDate "2019.10.17"]
[SourceQuality "1"]

1. d4 Nf6 2. c4 e6 3. Nf3 b6 4. g3 Bb7 5. Bg2 Be7 6. 0-0 0-0 7. Nc3 Ne4 8. Qc2 Nxc3 9. Qxc3 f5 10. b3 Bf6 11. Bb2 d6 12. Qc2 Nd7 13. Rad1 Rb8 14. Ne1 Bxg2 15. Nxg2 g6 16. f4 c5 17. e4 Bg7 18. Rfe1 Qc7 19. Nh4 cxd4 20. exf5 exf5 21. Nf3 d5 22. Bxd4 Bxd4+ 23. Nxd4 Rfc8 24. Ne6 Qb7 25. Qb2 Nc5 26. cxd5 Ne4 27. Rc1 Nc5 28. Nxc5 Rxc5 29. Rxc5 bxc5 30. d6 c4 31. Re7 Qb6+ 32. Kf1 c3 33. Qxc3 Qb5+ 34. Qc4+ Qxc4+ 35. bxc4 Rb1+ 36. Kf2 Kf8 37. Re2 Rc1 38. d7 1-0

[Event "EU-ch U14 Girls"]
[Site "Bratislava"]
[Date "2019.08.08"]
[Round "7"]
[White "Obrochta, Lena"]
[Black "Johansson Ohman, Linnea"]
[Result "1-0"]
[WhiteElo "1870"]
[BlackElo "1603"]
[PlyCount "70"]
[EventDate "2019.08.02"]
[EventType "swiss"]
[EventRounds "9"]
[EventCountry "SVK"]
[SourceTitle "EXT 2020"]
[Source "ChessBase"]
[SourceDate "2019.10.17"]
[SourceVersion "1"]
[SourceVersionDate "2019.10.17"]
[SourceQuality "1"]

1. e4 c6 2. d4 d5 3. exd5 cxd5 4. Bd3 Nc6 5. c3 Nf6 6. Bf4 Bg4 7. Qb3 Na5 8. Qa4+ Bd7 9. Qc2 Qb6 10. Nf3 e6 11. 0-0 Be7 12. Nbd2 0-0 13. a4 Rac8 14. Ne5 h6 15. Bg3 Nc6 16. Qb1 Nxe5 17. dxe5 Nh5 18. a5 Qc7 19. f4 Nxg3 20. hxg3 Bc5+ 21. Kh1 a6 22. Nf3 Bb5 23. g4 g6 24. f5 Kg7 25. Bxb5 axb5 26. Qd3 f6 27. fxe6 fxe5 28. Qxd5 Rcd8 29. Qxe5+ Qxe5 30. Nxe5 Rd5 31. Nd7 Rxf1+ 32. Rxf1 Bd6 33. Re1 Bg3 34. e7 Bxe1 35. e8Q Bh4 1-0

[Event "EU-ch U14 Girls"]
[Site "Bratislava"]
[Date "2019.08.07"]
[Round "6"]
[White "Johansson Ohman, Linnea"]
[Black "Cornileau, Juliette"]
[Result "1/2-1/2"]
[WhiteElo "1603"]
[BlackElo "1805"]
[PlyCount "71"]
[EventDate "2019.08.02"]
[EventType "swiss"]
[EventRounds "9"]
[EventCountry "SVK"]
[SourceTitle "EXT 2020"]
[Source "ChessBase"]
[SourceDate "2019.10.17"]
[SourceVersion "1"]
[SourceVersionDate "2019.10.17"]
[SourceQuality "1"]

1. c4 e6 2. d4 d5 3. Nc3 c6 4. Nf3 dxc4 5. e3 b5 6. a4 Bb4 7. Bd2 a5 8. axb5 Bxc3 9. Bxc3 cxb5 10. b3 Bb7 11. bxc4 b4 12. Bd2 Nf6 13. Bd3 0-0 14. 0-0 Nc6 15. Qb3 Qd7 16. Ra2 Rfd8 17. Rfa1 Qc7 18. Be2 h6 19. h3 Ne4 20. Bd3 Nxd2 21. Nxd2 Ne7 22. Be4 Bxe4 23. Nxe4 Nf5 24. Nd2 Nd6 25. Rc2 Rdc8 26. Rca2 Nxc4 27. Nxc4 Qxc4 28. Qxc4 Rxc4 29. Rxa5 Rxa5 30. Rxa5 Rc1+ 31. Kh2 Kf8 32. Rb5 Rb1 33. Rb7 g6 34. Kg3 Kg7 35. Kf3 b3 36. g3 1/2-1/2